Agrumes - Mort subite - Statistiques

Statistiques générales
  • Ce quiz a été pris 461 fois
  • Le résultat moyen est 7 sur 13
Answers on the Grid
Answers color-coded by a green-red scale on the quiz's grid according to % correct below.
Kumquat
Orange
Mandarine
Tangerine
Citron
Cédrat
Lime
Pomelo
Pamplemousse
Bergamote
Ugli
Yuzu
Clémentine
Constantine
Zeste
Figue
Limoncello
Coing
Citronnelle
Goyave
Jujube
Grume
Orangette
Patchouli
 
Statistiques - réponses
Réponse % Correct
Orange
79%
Citron
76%
Clémentine
73%
Mandarine
73%
Pamplemousse
72%
Pomelo
59%
Lime
57%
Yuzu
56%
Kumquat
43%
Tangerine
35%
Bergamote
31%
Cédrat
28%
Ugli
6%
Aucun quiz correspondant
Distribution des résultats
% des personnes avec chaque résultat
Percentile par nombre de réponses
Votre historique - résultats
Vous n’avez pas pris ce quiz